| 000 | 00813nam a22002537a 4500 | ||
|---|---|---|---|
| 003 | PE SENCICO BE | ||
| 005 | 20251020182633.0 | ||
| 008 | 230306b |||||||| |||| 00| 0 eng d | ||
| 020 | _a978-987-584-314-1 | ||
| 040 |
_aPE SENCICO BE _cPE SENCICO BE |
||
| 041 | _aspa | ||
| 082 |
_a720.92 _bG68 |
||
| 100 | 1 |
_9749 _aGómez Luque, Mariano _eautor |
|
| 245 | 1 |
_a12 arquitectos contemporáneos / _cMariano Gómez Luque, Aristide Gomez Luque, German Godoy |
|
| 250 | _a1a ed. | ||
| 260 |
_aBuenos Aires : _bNobuko, _c2011 |
||
| 300 |
_a255 p. : _bil. col., diagrs., _c24 cm. |
||
| 650 | 1 | 4 |
_9282 _aArquitectos |
| 650 | 2 | 4 |
_9191 _aArquitectura moderna |
| 650 | 2 | 4 |
_9670 _aTeoría de la arquitectura |
| 650 | 2 | 4 |
_9707 _aHistoria |
| 910 |
_bhfp _chfp |
||
| 942 |
_2ddc _cLIB _h720.92 _iG68 |
||
| 999 |
_c4043 _d4043 |
||